000 00330nam a22001337a 4500
008 230623b xxu||||| |||| 00| 0 eng d
020 _a0723009562
082 _a328.922
_bAUS
100 _cTim Austin
245 _aGuide to the House of commons
260 _aLondon
_bTimes Newspaper LTD
_c1997
300 _a398p
942 _2ddc
_cBK
999 _c2388
_d2388